[Event "Paulin Frydman mem"]
[Site "Buenos Aires ARG"]
[Date "1983.03.??"]
[Round "10"]
[White "Slipak, Sergio"]
[Black "Panno, Oscar"]
[Result "1/2-1/2"]
[WhiteElo "2270"]
[BlackElo "2500"]
[EventDate "1983.03.13"]
[PlyCount "120"]

1.Nf3 Nf6 2.b3 g6 3.Bb2 Bg7 4.g3 O-O 5.Bg2 d5 6.c4 e6 7.O-O b6 8.cxd5 exd5
9.d4 a5 10.Nc3 Bb7 11.Rc1 Re8 12.Qc2 Na6 13.a3 c5 14.Rfd1 Qe7 15.e3 Rac8 
16.Bh3 Rb8 17.Qe2 Nc7 18.Na4 Ne4 19.Bg2 Bf8 20.Nd2 cxd4 21.Nxe4 dxe4 22.
Bxd4 Ba6 23.Qe1 Nd5 24.Bb2 Red8 25.Rd4 Nf6 26.Rc6 Bg7 27.Qa1 Ne8 28.Rxe4 
Bxb2 29.Nxb2 Qd7 30.Rd4 Qe7 31.Nc4 Bb7 32.Rxd8 Qxd8 33.Rxb6 Bxg2 34.Rxb8 
Qxb8 35.Kxg2 Qxb3 36.Qe5 Ng7 37.Nxa5 Qxa3 38.Qb8+ Qf8 39.Qxf8+ Kxf8 40.Nc4
Ke7 41.Nd2 Ke6 42.Kf3 h5 43.Ne4 f6 44.Nc3 Nf5 45.Ne2 Nd6 46.Nf4+ Kf7 47.e4
Nc4 48.Ke2 Ne5 49.h3 Nc4 50.Kd3 Ne5+ 51.Kd4 h4 52.Ne2 hxg3 53.f4 Nf3+ 54.
Ke3 Nh4 55.Nxg3 g5 56.f5 Ng2+ 57.Kf3 Nf4 58.h4 gxh4 59.Kxf4 hxg3 60.Kxg3 
Kf8 1/2-1/2

[Event "Paulin Frydman mem"]
[Site "Buenos Aires ARG"]
[Date "1983.03.??"]
[Round "11"]
[White "Szmetan, Jorge"]
[Black "Giardelli, Sergio Carlos"]
[Result "1/2-1/2"]
[WhiteElo "2385"]
[BlackElo "2430"]
[EventDate "1983.03.13"]
[PlyCount "26"]

1.e4 e6 2.d4 d5 3.Nc3 dxe4 4.Nxe4 Nf6 5.Bg5 Be7 6.Bxf6 Bxf6 7.Nxf6+ Qxf6 
8.Nf3 b6 9.Bb5+ c6 10.Bd3 Bb7 11.O-O O-O 12.Re1 Nd7 13.c3 1/2-1/2

[Event "Paulin Frydman mem"]
[Site "Buenos Aires ARG"]
[Date "1983.03.??"]
[Round "11"]
[White "Najdorf, Miguel"]
[Black "Amado, Claudio"]
[Result "1/2-1/2"]
[WhiteElo "2515"]
[BlackElo "2340"]
[EventDate "1983.03.13"]
[PlyCount "112"]

1.d4 d5 2.c4 e6 3.Nc3 c5 4.e3 Nf6 5.Nf3 Nc6 6.a3 Bd6 7.cxd5 exd5 8.Be2 
cxd4 9.exd4 h6 10.O-O O-O 11.Re1 Re8 12.h3 Bf5 13.Be3 Rc8 14.Bd3 Be4 15.
Bb5 a6 16.Bxc6 Rxc6 17.Nd2 Bb8 18.Rc1 Bg6 19.Nf1 Qd7 20.Qd2 Rce6 21.f3 Nh5
22.Re2 Qd6 23.Bf2 Rxe2 24.Nxe2 Nf4 25.Nxf4 Qxf4 26.Qc3 Qg5 27.Re1 Rxe1 28.
Qxe1 Kh7 29.h4 Qf6 30.Qc3 Ba7 31.Nd2 Bb6 32.Nb3 Qe6 33.Qb4 h5 34.Qd2 Qc6 
35.Nc5 Bxc5 36.dxc5 Qb5 37.Bd4 Qd3 38.Qf4 Qb1+ 39.Kh2 Qf5 40.Qc7 Qd3 41.
Qe5 f6 42.Qxd5 Qf5 43.Qd6 Be8 44.Bc3 Bc6 45.Qc7 Kg6 46.Bd4 Qd5 47.Qg3+ Kh7
48.Qf4 Kg6 49.Qg3+ Kh7 50.Qf2 Qf5 51.Be3 Qe5+ 52.Kg1 Qf5 53.Qd2 Qb1+ 54.
Kh2 Qf5 55.b4 Bb5 56.Bf4 Qd3 1/2-1/2